|
|
|
|
| LEADER |
00000nam a22000007a 4500 |
| 005 |
20180312231337.0 |
| 007 |
cr|||| |||| |
| 008 |
180312s2017 br |||||s|||| 00||0 por d |
| 020 |
|
|
|a 978-85-7789-307-2
|
| 035 |
|
|
|a 21065
|
| 040 |
|
|
|a vLex
|
| 090 |
|
|
|c 7456
|d 7456
|
| 100 |
1 |
|
|a Gianulo, Wilson
|
| 245 |
1 |
0 |
|a Direito de Faml̕ia
|h [Recurso electrn̤ico] /
|c Wilson Gianulo
|
| 256 |
|
|
|a Servicio en ln̕ea
|
| 260 |
|
|
|a San Pablo:
|b JH Mizuno,
|c 2017
|
| 300 |
|
|
|a 1 recurso electrn̤ico
|
| 506 |
1 |
|
|a Disponible solo en los productos indicados
|d vLex Global
|d vLex Global (Academic Edition, excluding Law Schools)
|d vLex Global (U.S. Academic Edition, Law Schools)
|d vLex Global (U.S. Academic Edition, excluding Law Schools)
|d vLex Global (Academic Edition, Law Schools)
|
| 650 |
0 |
4 |
|a Familia y Sucesiones
|z Brasil
|
| 740 |
0 |
|
|a vLex Libros (Servicio en ln̕ea)
|
| 856 |
4 |
0 |
|u http://vlex.com/source/direito-familia-21065
|z Acceso restringido
|
| 942 |
|
|
|c BOOK
|
| 999 |
0 |
|
|a Family and Successions
|